Амьдралын аялгуу (Бичлэгийн дугаар. 1145463)

MARC дэлгэрэнгүй
000 -Удирдлага
Ном зүйн бүртгэл тоо буюу кодлох утгыг агуулсан 00627nam a22001937a 4500
003 - ХЯНАЛТЫН ТОО ТОДОРХОЙЛОГЧ
Код MN-UlNLM
005 - ХАМГИЙН СҮҮЛИЙН ҮЕИЙН ХЭЛЦЛИЙН ОГНОО БА ЦАГ
Тухайн бичилтийг бичсэн засварласан сүүлийн огноо. 20250122150450.0
008 - ЕРӨНХИЙ МЭДЭЭЛЭЛ-ЭЛЕМЕНТҮҮДИЙН ӨГӨГДЛИЙН УРТ
fixed length control field 241021s2024 mp ||||| |||| 00| 0 mon d
020 ## - ОЛОН УЛСЫН СТАНДАРТ НОМЫН ДУГААР-ISBN
Олон Улсын Стандарт Номын Дугаар 9789919030186
040 ## - ЭХ СУРВАЛЖИЙГ ТОДОРХОЙЛОН БИЧИХ
Каталогийн хэл Монгол
084 ## - БУСАД АНГИЛЛЫН ДУГААР
Ангиллын нэр Номын сан номзүйн ангилал
Анги 85.314
Зохиогчийн 3-н тэмдэгт П 915
Шинжлэх ухааны мэдлэгийн салбар Урлаг - 85
100 1# - ЗОХИОГЧИЙН ХЭСЭГ
Зохиогчийн нэр Пүрэвдорж Ч.
245 1# - ҮНДСЭН ГАРЧИГ
Гарчиг Амьдралын аялгуу
Гарчигт хамааралтай мэдээ Зохиогчийн шүлгээр бүтээсэн дуу хөгжим түүнчлэн бас бус зүйл
Оролцогчдын тухай мэдээ Эмхэт. Ц.Ариунболд
260 1# - ГАРАЛТЫН ТУХАЙ МЭДЭЭ
Хэвлэгдсэн газар УБ
Хэвлэлийн газар Жиком пресс
Хэвлэгдсэн он 2024
300 ## - ТООНЫ МЭДЭЭ
Хуудасны тоо 172х
440 ## - БОТИЙН ТУХАЙ МЭДЭЭ
Цувралын дугаар Дэвт. 5
546 ## - ХЭЛНИЙ ТУХАЙ МЭДЭЭ
Хэл mon
942 ## - ЭЛЕМЕНТИЙН ТӨРӨЛ
Төрөл Ном
Захиалгууд
Буцаан татагдсан төлөв Хасагдсан шалтгаан Гэмтсэн төлөв Захиалах боломжгүй Үндсэн номын сан Одоогийн байршил Бүртгэсэн огноо Бүрдүүлэлтийн эх үүсвэр Үнэ Хамгийн сүүлд байсан огноо Нийт уншлаганд гарсан тоо Ангиллын нэр Фактур мөрийн дугаар Төрөл
        Ном бүрдүүлэх, боловсруулах, солилцох хэсэг Ном бүрдүүлэх, боловсруулах, солилцох хэсэг 2024-10-21 Бэлэг, хандив 18000.00 2024-10-21   Номын сан номзүйн ангилал 240921.00 Ном